The contribution of ecotourism to the improvement of local liveli hoods in phom preah reach trop recreation area (វិភាគទាននៃទេសចរណ័បរិស្ថានក្នុងការលើកស្ទួយជីវភាពរបស់សហគមន៏មូលដ្ធាននៃតំបន់រមណីយដ្ឋានភ្នំព្រះរាជទ្រព្យ) (Record no. 3198)

000 -LEADER
fixed length control field 00773nam a22001577a 4500
003 - CONTROL NUMBER IDENTIFIER
control field OSt
005 - DATE AND TIME OF LATEST TRANSACTION
control field 20151106090238.0
008 - FIXED-LENGTH DATA ELEMENTS--GENERAL INFORMATION
fixed length control field 151106b xxu||||| |||| 00| 0 eng d
040 ## - CATALOGING SOURCE
Transcribing agency RUA
082 ## - DEWEY DECIMAL CLASSIFICATION NUMBER
Classification number FOR OUK 2002 B128 Or.1
100 ## - MAIN ENTRY--PERSONAL NAME
9 (RLIN) 3427
Personal name OUK, VECHHEKA.
245 ## - TITLE STATEMENT
Title The contribution of ecotourism to the improvement of local liveli hoods in phom preah reach trop recreation area (វិភាគទាននៃទេសចរណ័បរិស្ថានក្នុងការលើកស្ទួយជីវភាពរបស់សហគមន៏មូលដ្ធាននៃតំបន់រមណីយដ្ឋានភ្នំព្រះរាជទ្រព្យ)
260 ## - PUBLICATION, DISTRIBUTION, ETC. (IMPRINT)
Place of publication, distribution, etc. Phnom Penh
Name of publisher, distributor, etc. RUA
Date of publication, distribution, etc. 2002
300 ## - PHYSICAL DESCRIPTION
Extent 45p.
Other physical details ill.
Dimensions 29cm.
942 ## - ADDED ENTRY ELEMENTS (KOHA)
Source of classification or shelving scheme
Koha item type FOR
Holdings
Price effective from Date last seen Permanent Location Not for loan Date acquired Source of classification or shelving scheme Koha item type Lost status Withdrawn status Date last checked out Total Checkouts Shelving location Damaged status Barcode Current Location Full call number
2015-11-062015-11-06Library Block B 2015-11-06 FOR    B128 RUA002325Library Block BFOR OUK 2002 B128 Or.1
2015-11-062015-11-06Library Block B 2015-11-06 FOR    B128 RUA002031Library Block BFOR OUK 2002 B128 Or.2
2015-11-062019-02-27Library Block B 2015-11-06 FOR  2019-02-111B128 RUA002181Library Block BFOR OUK 2002 B128 Or.3
2015-11-062015-11-06Library Block B 2015-11-06 FOR    B128 RUA002109Library Block BFOR OUK 2002 B128 Or.4
2015-11-062015-11-06Library Block B 2015-11-06 FOR    B128 RUA002248Library Block BFOR OUK 2002 B128 Or.5
2015-11-062015-11-06Library Block B 2015-11-06 FOR    B128 RUA002104Library Block BFOR OUK 2002 B128 Or.6
មជ្ឈមណ្ឌលឯការនៃសាកលវិទ្យាល័យភូមិន្ទកសិកម្មចំការដូង

Powered by Koha